Animal Tracks - Statistics

General Stats
  • This quiz has been taken 290 times
  • The average score is 4 of 10
Answer Stats
Picture Answer % Correct
Black Bear
93%
Whitetail Deer
67%
Raccoon
47%
Coyote
36%
Red Fox
31%
Beaver
28%
Eastern Cottontail
27%
Bobcat
22%
Eastern Grey Squirrel
18%
Virginia Opossum
12%
No matching quizzes found
Score Distribution
Percent of People with Each Score
Percentile by Number Answered
Your Score History
You have not taken this quiz